00807nam a2200265 a 4500001001300000003000900013005001700022008004100039020001200080082001600092100001800108245006600126260004700192300000900239500003500248505002000283650002800303650002300331650002200354700001800376902000800394942000700402952011700409999001500526nice12345678IN_TiNIC20260116012256.0050524s1982 newa grp 000 0 eng  ac587.500a297.82bBAY aBayat, Mangol aMysticism and Dissentb Socio-Religious Thought in Qajar Iran aNew YorkbSyracuse University Press c1982 a228p aincludes index and biblioraphy2 aAppendix, Index aShiah-Iran-19th Century aIslam and Politics aSufism-Shiah-Iran1 aBayat, Mangol bSRS cBK 001040708StackRoom-aHMIbHMId2007-06-28g587.50l0o297.82 BAYp014736r2007-06-28v587.50w2005-05-24yBK c6349d6349